[Event "POHÁR města Říčany 2023"]
[Site "Městské kulturní středisko U labutě"]
[Date "2023.08.27"]
[Round "3.7"]
[White "Madle, Robin"]
[Black "Skypala, Ondrej"]
[Result "0-1"]
[WhiteFideId "393886"]
[BlackFideId "366285"]
[WhiteElo "1899"]
[BlackElo "2132"]
[PlyCount "0"]
[EventDate "2023.08.26"]

1. c4 {[%clk 01:30:54]} {[%emt 00:00:04]} Nf6 {[%clk 01:30:53]} {[%emt
00:00:07]} 2. Nc3 {[%clk 01:31:05]} {[%emt 00:00:20]} e6 {[%clk 01:31:16]}
{[%emt 00:00:07]} 3. g3 {[%clk 01:31:30]} {[%emt 00:00:05]} Bb4 {[%clk
01:31:38]} {[%emt 00:00:08]} 4. Bg2 {[%clk 01:31:52]} {[%emt 00:00:09]} O-O
{[%clk 01:32:00]} {[%emt 00:00:07]} 5. Nf3 {[%clk 01:32:07]} {[%emt 00:00:15]}
d5 {[%clk 01:32:22]} {[%emt 00:00:07]} 6. cxd5 {[%clk 01:32:19]} {[%emt
00:00:18]} exd5 {[%clk 01:32:46]} {[%emt 00:00:06]} 7. d4 {[%clk 01:32:45]}
{[%emt 00:00:04]} c6 {[%clk 01:30:41]} {[%emt 00:02:34]} 8. O-O {[%clk
01:33:06]} {[%emt 00:00:08]} Re8 {[%clk 01:30:57]} {[%emt 00:00:15]} 9. e3
{[%clk 01:31:06]} {[%emt 00:02:31]} Nbd7 {[%clk 01:29:06]} {[%emt 00:02:20]} 10.
Bd2 {[%clk 01:31:12]} {[%emt 00:00:24]} Bd6 {[%clk 01:27:11]} {[%emt 00:02:25]}
11. a3 {[%clk 01:27:47]} {[%emt 00:03:55]} Ne4 {[%clk 01:26:20]} {[%emt
00:01:21]} 12. b4 {[%clk 01:21:14]} {[%emt 00:07:02]} a6 {[%clk 01:26:00]}
{[%emt 00:00:49]} 13. Ne1 {[%clk 01:14:31]} {[%emt 00:07:13]} Ndf6 {[%clk
01:21:38]} {[%emt 00:04:52]} 14. Nd3 {[%clk 01:14:11]} {[%emt 00:00:50]} Bf5
{[%clk 01:19:16]} {[%emt 00:02:52]} 15. Nc5 {[%clk 01:13:08]} {[%emt 00:01:34]}
Qe7 {[%clk 01:16:42]} {[%emt 00:03:03]} 16. N5xe4 {[%clk 01:09:41]} {[%emt
00:03:57]} dxe4 {[%clk 01:14:24]} {[%emt 00:02:48]} 17. Bc1 {[%clk 01:07:20]}
{[%emt 00:02:51]} Qe6 {[%clk 01:14:12]} {[%emt 00:00:42]} 18. Bb2 {[%clk
01:06:54]} {[%emt 00:00:57]} Rad8 {[%clk 01:11:16]} {[%emt 00:03:26]} 19. Qd2
{[%emt 00:02:37]} Bh3 20. Rad1 Bb8 21. a4 Nd5 22. b5 axb5 23. axb5 cxb5 24.
Nxb5 Qf5 25. Nc3 Bxg2 26. Kxg2 Re6 27. Nxd5 Rxd5 28. Qe2 Rh6 29. Kg1 Qh3 30. f4
g5 31. Rd2 Bd6 32. Qc4 Qf5 33. Rc2 gxf4 34. Qc8+ Qxc8 35. Rxc8+ Kg7 36. gxf4
Rb5 37. Rf2 Rb3 38. Rd8 {[%clk 01:04:46]} Rg6+ 39. Kf1 {[%clk 01:04:46]} Be7 40.
Rd7 {[%clk 01:04:46]} Bh4 41. d5+ {[%clk 01:04:46]} Kf8 42. Re2 {[%clk
01:04:46]} Rgb6 43. Bd4 {[%clk 01:04:46]} Rb1+ 44. Kg2 {[%clk 01:04:46]} Rg6+
45. Kh3 {[%clk 01:04:46]} Ke8 46. Rc7 {[%clk 01:04:46]} Bd8 47. Rcc2 {[%clk
01:04:46]} Rbg1 48. Rg2 {[%clk 01:04:46]} Rh6+ 49. Kg4 {[%clk 01:04:46]} Rg6+
50. Kh3 {[%clk 01:04:46]} R6xg2 51. Rxg2 {[%clk 01:04:46]} Rxg2 52. Kxg2 {[%clk
01:04:46]} Kd7 53. Bc5 {[%clk 01:04:46]} f6 54. Bd4 {[%clk 01:04:46]} Kd6 55.
f5 {[%clk 01:04:46]} Kxd5 56. Kh3 {[%clk 01:04:46]} b5 57. Kg4 {[%clk
01:04:46]} b4 58. Kh5 {[%clk 01:04:46]} b3 59. Kh6 {[%clk 01:04:46]} Bb6 60. h4
{[%clk 01:04:46]} 0-1

[Event "POHÁR města Říčany 2023"]
[Site "Městské kulturní středisko U labutě"]
[Date "2023.08.27"]
[Round "3.8"]
[White "Vojta, Jakub"]
[Black "Kopecky, Jiri"]
[Result "1/2-1/2"]
[WhiteFideId "382515"]
[BlackFideId "317152"]
[WhiteElo "2288"]
[BlackElo "1910"]
[PlyCount "0"]
[EventDate "2023.08.26"]

1. e4 {[%clk 01:30:58]} c5 {[%clk 01:30:53]} {[%emt 00:00:06]} 2. Nf3 {[%clk
01:31:25]} {[%emt 00:00:04]} Nc6 {[%clk 01:31:18]} {[%emt 00:00:05]} 3. Bc4
{[%clk 01:31:52]} {[%emt 00:00:03]} e6 {[%clk 01:31:29]} {[%emt 00:00:18]} 4.
O-O {[%clk 01:32:18]} {[%emt 00:00:05]} d6 {[%clk 01:29:16]} {[%emt 00:02:43]}
5. Re1 {[%clk 01:30:19]} {[%emt 00:02:28]} Nf6 {[%clk 01:27:51]} {[%emt
00:01:55]} 6. Bb5 {[%clk 01:30:08]} {[%emt 00:00:42]} Bd7 {[%clk 01:27:24]}
{[%emt 00:00:57]} 7. c3 {[%clk 01:30:15]} {[%emt 00:00:23]} Qb6 {[%clk
01:21:46]} {[%emt 00:06:07]} 8. Bf1 {[%clk 01:28:10]} {[%emt 00:02:35]} Be7
{[%clk 01:21:52]} {[%emt 00:00:24]} 9. d4 {[%clk 01:28:00]} {[%emt 00:00:40]}
cxd4 {[%clk 01:21:46]} {[%emt 00:00:36]} 10. cxd4 {[%clk 01:28:16]} {[%emt
00:00:14]} O-O {[%clk 01:15:57]} {[%emt 00:06:19]} 11. Nc3 {[%clk 01:28:05]}
{[%emt 00:00:41]} Rac8 {[%clk 01:14:40]} {[%emt 00:01:47]} 12. h3 {[%clk
01:23:48]} {[%emt 00:04:47]} Rfd8 {[%clk 01:10:33]} {[%emt 00:04:38]} 13. Na4
{[%clk 01:22:15]} {[%emt 00:02:03]} Qc7 {[%clk 01:10:50]} {[%emt 00:00:11]} 14.
Bf4 {[%clk 01:22:10]} {[%emt 00:00:36]} Nxd4 {[%clk 01:01:05]} {[%emt
00:10:16]} 15. Nxd4 {[%clk 01:16:20]} {[%emt 00:06:19]} e5 {[%clk 01:00:40]}
{[%emt 00:00:55]} 16. Be3 {[%clk 01:12:39]} {[%emt 00:04:10]} exd4 {[%clk
00:02:42]} 17. Bxd4 {[%clk 01:12:39]} Qa5 {[%clk 00:02:42]} 18. Nc3 {[%clk
01:12:39]} Bc6 {[%clk 00:02:42]} 19. a3 {[%clk 01:12:39]} a6 {[%clk 00:02:42]}
20. b4 {[%clk 01:12:39]} Qc7 {[%clk 00:02:42]} 21. Rc1 {[%clk 01:12:39]} Qd7
{[%clk 00:02:42]} 22. Qb3 {[%clk 01:12:39]} b5 {[%clk 00:02:42]} 23. g3 {[%clk
01:12:39]} Qb7 {[%clk 00:02:42]} 24. Bg2 {[%clk 01:12:39]} Ne8 {[%clk
00:02:42]} 25. Nd5 {[%clk 01:12:39]} Bxd5 {[%clk 00:02:42]} 26. exd5 {[%clk
01:12:39]} Bf6 {[%clk 00:02:42]} 27. Be3 {[%clk 01:12:39]} Rxc1 {[%clk
00:02:42]} 28. Rxc1 {[%clk 01:12:39]} Rc8 {[%clk 00:02:42]} 29. Rc6 {[%clk
01:12:39]} Bd8 {[%clk 00:02:42]} 30. a4 {[%clk 01:12:39]} bxa4 {[%clk
00:02:42]} 31. Qxa4 {[%clk 01:12:39]} Rxc6 {[%clk 00:02:42]} 32. dxc6 {[%clk
01:12:39]} Qb5 {[%clk 00:02:42]} 33. Qa2 {[%clk 01:12:39]} Nc7 {[%clk
00:02:42]} 34. Qd2 {[%clk 01:12:39]} d5 {[%clk 00:02:42]} 35. Qc3 {[%clk
01:12:39]} Bf6 {[%clk 00:02:42]} 36. Qc5 {[%clk 01:12:39]} Qxc5 {[%clk
00:02:42]} 37. Bxc5 {[%clk 01:12:39]} Bd8 {[%clk 00:02:42]} 38. f4 {[%clk
01:12:39]} Ne6 {[%clk 00:02:42]} 39. Bf2 {[%clk 01:12:39]} Kf8 {[%clk
00:02:42]} 40. Bxd5 {[%clk 01:12:39]} Ke7 {[%clk 00:02:42]} 41. f5 {[%clk
01:12:39]} Nc7 {[%clk 00:02:42]} 42. Bf3 {[%clk 01:12:39]} Kd6 {[%clk
00:02:42]} 43. Bc5+ {[%clk 01:12:39]} Ke5 {[%clk 00:02:42]} 44. g4 {[%clk
01:12:39]} g6 {[%clk 00:02:42]} 45. fxg6 {[%clk 01:12:39]} fxg6 {[%clk
00:02:42]} 46. Bf2 {[%clk 01:12:39]} g5 {[%clk 00:02:42]} 47. Bb6 {[%clk
01:12:39]} Kd6 {[%clk 00:02:42]} 48. Kf2 {[%clk 01:12:39]} Ne6 {[%clk
00:02:42]} 49. Ba7 {[%clk 01:12:39]} Bc7 {[%clk 00:02:42]} 50. Ke3 {[%clk
01:12:39]} Nf4 {[%clk 00:02:42]} 51. h4 {[%clk 01:12:39]} Nd5+ {[%clk
00:02:42]} 52. Kd4 {[%clk 01:12:39]} Bb6+ {[%clk 00:02:42]} 53. Bxb6 {[%clk
01:12:39]} Nxb6 {[%clk 00:02:42]} 54. hxg5 {[%clk 01:12:39]} Nc8 {[%clk
00:02:42]} 55. Be4 {[%clk 01:12:39]} Ne7 {[%clk 00:02:42]} 56. Bxh7 {[%clk
01:12:39]} Nxc6+ {[%clk 00:02:42]} 57. Ke4 {[%clk 01:12:39]} Ke6 {[%clk
00:02:42]} 58. Bf5+ {[%clk 01:12:39]} Ke7 {[%clk 00:02:42]} 1/2-1/2

[Event "POHÁR města Říčany 2023"]
[Site "Městské kulturní středisko U labutě"]
[Date "2023.08.27"]
[Round "3.9"]
[White "Benes, Jachym"]
[Black "Soucek, Petr"]
[Result "0-1"]
[WhiteFideId "23710870"]
[BlackFideId "23715170"]
[WhiteElo "1914"]
[BlackElo "2268"]
[PlyCount "0"]
[EventDate "2023.08.26"]

1. d4 {[%clk 01:30:55]} {[%emt 00:00:04]} Nf6 {[%clk 01:30:47]} {[%emt
00:00:14]} 2. c4 {[%clk 01:31:19]} {[%emt 00:00:06]} c5 {[%clk 01:30:21]}
{[%emt 00:00:56]} 3. d5 {[%clk 01:31:42]} {[%emt 00:00:07]} e6 {[%clk
01:30:48]} {[%emt 00:00:03]} 4. Nc3 {[%clk 01:32:02]} {[%emt 00:00:10]} exd5
{[%clk 01:31:16]} {[%emt 00:00:03]} 5. cxd5 {[%clk 01:32:26]} {[%emt 00:00:06]}
d6 {[%clk 01:31:43]} {[%emt 00:00:02]} 6. e4 {[%clk 01:31:31]} {[%emt
00:01:25]} g6 {[%clk 01:32:09]} {[%emt 00:00:05]} 7. Bg5 {[%clk 01:30:58]}
{[%emt 00:01:02]} Bg7 {[%clk 01:30:59]} {[%emt 00:01:40]} 8. Nf3 {[%clk
01:31:22]} {[%emt 00:00:06]} O-O {[%clk 01:31:00]} {[%emt 00:00:30]} 9. Be2
{[%clk 01:31:07]} {[%emt 00:00:44]} h6 {[%clk 01:30:37]} {[%emt 00:00:53]} 10.
Bh4 {[%clk 01:29:56]} {[%emt 00:01:41]} Re8 {[%clk 01:30:20]} {[%emt 00:00:48]}
11. Nd2 {[%clk 01:30:17]} {[%emt 00:00:08]} a6 {[%clk 01:29:17]} {[%emt
00:01:33]} 12. a4 {[%clk 01:30:42]} {[%emt 00:00:06]} Nbd7 {[%clk 01:29:15]}
{[%emt 00:00:33]} 13. O-O {[%clk 01:31:02]} {[%emt 00:00:09]} g5 {[%clk
01:28:55]} {[%emt 00:00:50]} 14. Bg3 {[%clk 01:31:26]} {[%emt 00:00:06]} Ne5
{[%clk 01:28:53]} {[%emt 00:00:31]} 15. Rb1 {[%clk 01:23:31]} {[%emt 00:08:25]}
g4 {[%clk 01:18:02]} {[%emt 00:11:21]} 16. b4 {[%clk 01:08:45]} {[%emt
00:15:16]} cxb4 {[%clk 01:18:06]} {[%emt 00:00:25]} 17. Rxb4 {[%clk 01:09:08]}
{[%emt 00:00:07]} Ng6 {[%clk 01:17:22]} {[%emt 00:01:14]} 18. Rb3 {[%clk
01:02:12]} {[%emt 00:07:26]} h5 {[%clk 01:10:26]} {[%emt 00:07:26]} 19. Nc4
{[%clk 00:55:42]} {[%emt 00:07:00]} Nxe4 {[%clk 01:09:10]} {[%emt 00:01:46]} 20.
Nxe4 {[%clk 00:52:35]} {[%emt 00:03:37]} Rxe4 {[%clk 01:09:25]} {[%emt
00:00:16]} 21. f3 {[%clk 00:41:10]} {[%emt 00:11:55]} Rd4 {[%clk 01:07:40]}
{[%emt 00:02:15]} 22. Qc2 {[%clk 00:40:00]} {[%emt 00:01:39]} Rxd5 {[%clk
00:56:58]} {[%emt 00:11:12]} 23. fxg4 {[%clk 00:27:29]} {[%emt 00:13:01]} hxg4
{[%clk 00:48:56]} {[%emt 00:08:32]} 24. Nb6 {[%clk 00:14:34]} {[%emt 00:13:25]}
Bd4+ {[%clk 00:47:37]} {[%emt 00:01:49]} 25. Bf2 {[%clk 00:15:00]} {[%emt
00:00:04]} Bf5 {[%clk 00:26:26]} {[%emt 00:21:41]} 26. Qa2 {[%clk 00:09:41]}
{[%emt 00:05:49]} Bxb6 {[%clk 00:25:30]} {[%emt 00:01:25]} 27. Bxb6 {[%clk
00:10:06]} {[%emt 00:00:05]} Qg5 {[%clk 00:24:14]} {[%emt 00:01:45]} 28. Be3
{[%clk 00:08:33]} {[%emt 00:02:04]} Qe7 {[%clk 00:24:08]} {[%emt 00:00:36]} 29.
Bc4 {[%clk 00:06:16]} {[%emt 00:02:47]} Re5 {[%clk 00:21:25]} {[%emt 00:03:13]}
30. Bd4 {[%clk 00:06:06]} {[%emt 00:00:40]} Re1 {[%clk 00:21:50]} {[%emt
00:00:06]} 31. Qf2 {[%clk 00:05:31]} {[%emt 00:01:04]} Rxf1+ {[%clk 00:22:13]}
{[%emt 00:00:07]} 32. Qxf1 {[%clk 00:05:59]} {[%emt 00:00:02]} Qe4 {[%clk
00:20:51]} {[%emt 00:01:52]} 33. Qf2 {[%clk 00:01:30]} {[%emt 00:04:58]} Rc8
{[%clk 00:15:56]} {[%emt 00:05:25]} 34. Rc3 {[%clk 00:00:41]} {[%emt 00:01:20]}
Rxc4 {[%clk 00:15:13]} {[%emt 00:01:12]} 35. Rxc4 {[%clk 00:00:35]} {[%emt
00:00:36]} Qb1+ {[%clk 00:15:39]} {[%emt 00:00:04]} 0-1

[Event "POHÁR města Říčany 2023"]
[Site "Městské kulturní středisko U labutě"]
[Date "2023.08.27"]
[Round "3.10"]
[White "Korniichuk, Oleksandra"]
[Black "Rodshtein, Tereza"]
[Result "1-0"]
[WhiteFideId "14155656"]
[BlackFideId "325449"]
[WhiteElo "1869"]
[BlackElo "2203"]
[PlyCount "0"]
[EventDate "2023.08.26"]

1. e4 {[%clk 01:30:54]} {[%emt 00:00:04]} e5 {[%clk 01:30:54]} {[%emt
00:00:08]} 2. Nf3 {[%clk 01:31:10]} {[%emt 00:00:13]} Nc6 {[%clk 01:31:18]}
{[%emt 00:00:05]} 3. Nc3 {[%clk 01:31:30]} {[%emt 00:00:11]} g6 {[%clk
01:26:03]} {[%emt 00:05:45]} 4. Bc4 {[%clk 01:27:15]} {[%emt 00:04:45]} Bg7
{[%clk 01:25:29]} {[%emt 00:01:04]} 5. a3 {[%clk 01:26:36]} {[%emt 00:01:09]}
d6 {[%clk 01:22:36]} {[%emt 00:03:22]} 6. O-O {[%clk 01:19:28]} {[%emt
00:07:38]} Be6 {[%clk 01:16:40]} {[%emt 00:06:25]} 7. Nd5 {[%clk 01:16:32]}
{[%emt 00:03:27]} Na5 {[%clk 01:03:38]} {[%emt 00:13:32]} 8. Ba2 {[%clk
01:13:31]} {[%emt 00:03:31]} c6 {[%clk 01:03:57]} {[%emt 00:00:11]} 9. Ne3
{[%clk 01:12:28]} {[%emt 00:01:33]} Bxa2 {[%clk 01:03:53]} {[%emt 00:00:34]} 10.
Rxa2 {[%clk 01:12:52]} {[%emt 00:00:06]} c5 {[%clk 01:03:33]} {[%emt 00:00:50]}
11. b4 {[%clk 01:11:54]} {[%emt 00:01:28]} Nc6 {[%clk 01:03:15]} {[%emt
00:00:48]} 12. Nd5 {[%clk 01:07:39]} {[%emt 00:04:45]} Nge7 {[%clk 00:56:42]}
{[%emt 00:07:02]} 13. c3 {[%clk 01:04:13]} {[%emt 00:03:56]} Nxd5 {[%clk
00:54:17]} {[%emt 00:02:55]} 14. exd5 {[%clk 01:04:36]} {[%emt 00:00:07]} Ne7
{[%clk 00:54:38]} {[%emt 00:00:10]} 15. c4 {[%clk 01:04:58]} {[%emt 00:00:08]}
O-O {[%clk 00:53:39]} {[%emt 00:01:29]} 16. d3 {[%clk 01:04:44]} {[%emt
00:00:45]} b5 {[%clk 00:48:11]} {[%emt 00:05:57]} 17. bxc5 {[%clk 01:02:09]}
{[%emt 00:03:05]} dxc5 {[%clk 00:48:28]} {[%emt 00:00:13]} 18. Re1 {[%clk
01:01:24]} {[%emt 00:01:14]} f6 {[%clk 00:47:45]} {[%emt 00:01:13]} 19. Be3
{[%clk 00:56:34]} {[%emt 00:05:20]} Rc8 {[%clk 00:47:46]} {[%emt 00:00:28]} 20.
Qb3 {[%clk 00:54:55]} {[%emt 00:02:10]} bxc4 {[%clk 00:45:54]} {[%emt
00:02:23]} 21. dxc4 {[%clk 00:52:04]} {[%emt 00:03:21]} Nf5 {[%clk 00:46:13]}
{[%emt 00:00:10]} 22. Qa4 {[%clk 00:49:42]} {[%emt 00:02:53]} Nd6 {[%clk
00:40:50]} {[%emt 00:05:53]} 23. Nd2 {[%clk 00:47:47]} {[%emt 00:02:25]} Rf7
{[%clk 00:39:55]} {[%emt 00:01:25]} 24. Nb3 {[%clk 00:46:30]} {[%emt 00:01:46]}
Rfc7 {[%clk 00:38:52]} {[%emt 00:01:34]} 25. Na5 {[%clk 00:43:35]} {[%emt
00:03:25]} Nf5 {[%clk 00:36:29]} {[%emt 00:02:53]} 26. Nc6 {[%clk 00:42:10]}
{[%emt 00:01:57]} Qd6 {[%clk 00:36:56]} {[%emt 00:00:02]} 27. Rb1 {[%clk
00:39:28]} {[%emt 00:03:11]} e4 {[%clk 00:32:29]} {[%emt 00:04:58]} 28. Qc2
{[%clk 00:37:05]} {[%emt 00:02:53]} Nxe3 {[%clk 00:32:03]} {[%emt 00:00:56]} 29.
fxe3 {[%clk 00:37:28]} {[%emt 00:00:07]} f5 {[%clk 00:32:30]} {[%emt 00:00:03]}
30. a4 {[%clk 00:36:24]} {[%emt 00:01:35]} Re8 {[%clk 00:32:30]} {[%emt
00:00:28]} 31. g3 {[%clk 00:32:06]} {[%emt 00:04:47]} Bh6 {[%clk 00:31:41]}
{[%emt 00:01:19]} 32. Qe2 {[%clk 00:29:21]} {[%emt 00:03:15]} Bg7 {[%clk
00:24:24]} {[%emt 00:07:49]} 33. Ra3 {[%clk 00:29:37]} {[%emt 00:00:13]} a6
{[%clk 00:23:43]} {[%emt 00:01:11]} 34. Rab3 {[%clk 00:29:38]} {[%emt
00:00:29]} Rxc6 {[%clk 00:23:47]} {[%emt 00:00:26]} 35. dxc6 {[%clk 00:30:01]}
{[%emt 00:00:07]} Qxc6 {[%clk 00:24:15]} {[%emt 00:00:02]} 36. Qd2 {[%clk
00:20:36]} {[%emt 00:09:55]} Be5 {[%clk 00:20:51]} {[%emt 00:03:54]} 37. Rb7
{[%clk 00:19:44]} {[%emt 00:01:22]} Qe6 {[%clk 00:19:36]} {[%emt 00:01:45]} 38.
Qd7 {[%clk 00:18:44]} {[%emt 00:01:30]} Qxd7 {[%clk 00:19:24]} {[%emt
00:00:42]} 39. Rxd7 {[%clk 00:19:08]} {[%emt 00:00:05]} Bc3 {[%clk 00:19:44]}
{[%emt 00:00:11]} 40. Rbb7 {[%clk 00:18:09]} {[%emt 00:01:29]} a5 {[%clk
00:17:20]} {[%emt 00:02:53]} 41. Rbc7 {[%clk 00:18:05]} {[%emt 00:00:35]} 1-0

[Event "POHÁR města Říčany 2023"]
[Site "Městské kulturní středisko U labutě"]
[Date "2023.08.27"]
[Round "3.11"]
[White "Hejsek, Lukas"]
[Black "Voracek, Zdenek"]
[Result "1-0"]
[WhiteFideId "393860"]
[BlackFideId "331880"]
[WhiteElo "2081"]
[BlackElo "1882"]
[PlyCount "0"]
[EventDate "2023.08.26"]

1. d4 {[%clk 01:30:57]} d5 {[%clk 01:18:45]} {[%emt 00:12:15]} 2. Nf3 {[%clk
01:30:47]} {[%emt 00:00:41]} Nf6 {[%clk 01:18:56]} {[%emt 00:00:17]} 3. c4
{[%clk 01:31:10]} {[%emt 00:00:09]} e6 {[%clk 01:18:40]} {[%emt 00:00:45]} 4.
g3 {[%clk 01:31:34]} {[%emt 00:00:06]} c6 {[%clk 01:16:31]} {[%emt 00:02:38]} 5.
Bg2 {[%clk 01:31:57]} {[%emt 00:00:08]} Be7 {[%clk 01:14:52]} {[%emt 00:02:07]}
6. O-O {[%clk 01:32:15]} {[%emt 00:00:12]} O-O {[%clk 01:15:03]} {[%emt
00:00:20]} 7. Nc3 {[%clk 01:30:17]} {[%emt 00:02:29]} Nbd7 {[%clk 01:09:45]}
{[%emt 00:05:47]} 8. b3 {[%clk 01:30:26]} {[%emt 00:00:22]} b6 {[%clk
00:55:44]} {[%emt 00:14:30]} 9. Bb2 {[%clk 01:30:31]} {[%emt 00:00:25]} Ba6
{[%clk 00:55:23]} {[%emt 00:00:50]} 10. Nd2 {[%clk 01:30:44]} {[%emt 00:00:18]}
Rc8 {[%clk 00:54:49]} {[%emt 00:01:04]} 11. e4 {[%clk 01:29:53]} {[%emt
00:01:22]} dxe4 {[%clk 00:52:01]} {[%emt 00:03:18]} 12. Ndxe4 {[%clk 01:29:53]}
{[%emt 00:00:31]} b5 {[%clk 00:47:26]} {[%emt 00:05:04]} 13. c5 {[%clk
01:09:10]} {[%emt 00:21:13]} b4 {[%clk 00:43:55]} {[%emt 00:04:01]} 14. Ne2
{[%clk 01:09:38]} {[%emt 00:00:02]} Nxe4 {[%clk 00:43:47]} {[%emt 00:00:39]} 15.
Bxe4 {[%clk 01:09:45]} {[%emt 00:00:22]} Nxc5 {[%clk 00:43:07]} {[%emt
00:01:10]} 16. Bc2 {[%clk 01:05:28]} {[%emt 00:04:46]} Nd7 {[%clk 00:41:08]}
{[%emt 00:02:29]} 17. Re1 {[%clk 01:05:35]} {[%emt 00:00:23]} Nf6 {[%clk
00:40:42]} {[%emt 00:00:57]} 18. a3 {[%clk 01:04:05]} {[%emt 00:02:01]} Qb6
{[%clk 00:37:45]} {[%emt 00:03:25]} 19. Nf4 {[%clk 01:00:32]} {[%emt 00:04:04]}
Rfd8 {[%clk 00:37:23]} {[%emt 00:00:51]} 20. axb4 {[%clk 00:58:49]} {[%emt
00:02:14]} Bxb4 {[%clk 00:37:25]} {[%emt 00:00:26]} 21. Re5 {[%clk 00:59:13]}
{[%emt 00:00:06]} Bb5 {[%clk 00:24:46]} {[%emt 00:13:10]} 22. Nh5 {[%clk
00:58:22]} {[%emt 00:01:20]} Be7 {[%clk 00:22:42]} {[%emt 00:02:34]} 23. Qf3
{[%clk 00:57:43]} {[%emt 00:01:09]} Nxh5 {[%clk 00:19:12]} {[%emt 00:04:01]} 24.
Rxh5 {[%clk 00:58:07]} {[%emt 00:00:06]} g6 {[%clk 00:17:59]} {[%emt 00:01:43]}
25. Rxh7 {[%clk 00:58:06]} {[%emt 00:00:31]} Rf8 {[%clk 00:16:01]} {[%emt
00:02:28]} 26. d5 {[%clk 00:58:20]} {[%emt 00:00:16]} e5 {[%clk 00:15:09]}
{[%emt 00:01:23]} 27. Bxe5 {[%clk 00:58:21]} {[%emt 00:00:28]} f6 {[%clk
00:15:16]} {[%emt 00:00:23]} 28. Qg4 {[%clk 00:57:15]} {[%emt 00:01:35]} 1-0